000 00807cab a2200253 4500
001 WB3443-26
008 090401t1998 xxu||||| |||| 00| 0 eng d
035 _a(Sirsi) u89596
041 _aeng
245 4 _aThe systematic demolition of rural England
260 _c1998
350 _a0
490 _aSunday Telegraph
_v8 November 1998, 18(4)
520 _aRural England is set to disappear under the 4.4 million new homes required by 2016. Certain areas will be worse affected than others, but most areas will gradually become less rural. Map. Graphics.
650 _aCOMMUTERS
650 _aHOUSE BUILDING
650 _aHOUSEHOLD PROJECTIONS
650 _aRURAL ENGLAND
650 _aURBAN DEVELOPMENT
650 _aURBANISATION
690 _aHOUSING
942 _n0
948 _c10/11/1998
999 _c56705
_d56705